Monistrol de Calders : la seva història i el seu patrimoni / Jaume Perarnau i Llorens, Jordi Piñero i Subirana la seva història i el seu patrimoni / Jaume Perarnau i Llorens, Jordi Piñero i Subirana
ISBN:
84-606-1460-3
Descripción Física:
169 p. : il., fot. ; 24 cm
Otros Autores:
Piñero i Subirana, Jordi
MARC
| LEADER | 00000nam a2200000Ia 4500 | ||
|---|---|---|---|
| 001 | 15330 | ||
| 008 | 160829s9999 xx 000 0 cat d | ||
| 020 | |a 84-606-1460-3 | ||
| 080 | |a H-2-213 | ||
| 100 | |a Perarnau i Llorens, Jaume |9 25228 | ||
| 245 | |a Monistrol de Calders : |b la seva història i el seu patrimoni / Jaume Perarnau i Llorens, Jordi Piñero i Subirana | ||
| 260 | |a Monistrol de Calders : |b Ajuntament de Monistrol de Calders, cop. 2003 | ||
| 300 | |a 169 p. : |b il., fot. ; |c 24 cm | ||
| 590 | |a Bibliografia | ||
| 650 | |a Monistrol de Calders |x Història |9 32772 | ||
| 651 | 0 | |a Monistrol de Calders |9 50961 | |
| 700 | |a Piñero i Subirana, Jordi |9 32774 | ||
| 710 | 1 | |a Monistrol de Calders (Catalunya). |b Ajuntament |9 54397 | |
| 901 | |a Arxiu | ||
| 942 | |n 1 | ||
| 952 | |0 0 |1 0 |4 0 |6 H2213 |7 1 |9 46093 |a Arxiu |b Arxiu |d 2016-12-01 |l 0 |o H-2-213 |p 15330 |r 2016-12-01 00:00:00 |w 2016-12-01 |y ARXIU | ||
| 999 | |c 49595 |d 49595 | ||